| 000 | 01097nam a2200325 a 4500 | ||
|---|---|---|---|
| 999 |
_c23915 _d23915 |
||
| 001 | 2046710 | ||
| 003 | BDDh-ASL | ||
| 005 | 20231015030314.0 | ||
| 008 | 920515s1992 ii b 010 0 eng | ||
| 010 | _a 92900539 | ||
| 020 |
_a8185179778 : _cRs200.00 |
||
| 025 | _aI-E-67199 | ||
| 040 |
_aDLC _cDLC _dDLC _dBDDh-ASL |
||
| 043 | _aa-ii--- | ||
| 050 | 0 | 0 |
_aDS451 _b.S16 1992 |
| 082 |
_a923.54 _bGOY |
||
| 245 | 0 | 0 |
_aS.R. Goyal his multidimensional historiography / _ceditors, Jagannath Agrawal, Shankar Goyal. |
| 250 | _a1st ed. | ||
| 260 |
_aNew Delhi : _bAditya Prakashan, _c1992. |
||
| 300 |
_a222 p. : _c23 cm. |
||
| 500 | _aFestschrift honoring Śrīrāma Goyala, historian; comprises contributed research papers. | ||
| 504 | _aIncludes bibliographical references. | ||
| 600 | 1 | 0 | _aGoyala, Śrīrāma. |
| 651 | 0 |
_aIndia _xHistory _y324 B.C.-1000 A.D. _xHistoriography. |
|
| 700 | 1 |
_aAgrawal, Jagannath, _d1905- |
|
| 700 | 1 |
_aGoyal, Shankar, _d1959- |
|
| 906 |
_a7 _bcbc _corignew _d3 _encip _f19 _gy-gencatlg |
||
| 942 |
_2ddc _cBK |
||